[Event "3.Nord-West-Cup"]
[Site "?"]
[Date "2001.02.02"]
[Round "2"]
[White "Krause, Thomas"]
[Black "Eickhoff, Hermann"]
[Result "1-0"]
[WhiteElo "2184"]
[BlackElo "2094"]
[PlyCount "101"]

1. Nf3 c5 2. c4 Nc6 3. g3 Nf6 4. Bg2 g6 5. O-O Bg7 6. Nc3 O-O 7. d4 cxd4 8.
Nxd4 a6 9. e3 Qc7 10. b3 d6 11. Bb2 Bg4 12. Qd2 Rfe8 13. Rac1 Nxd4 14. Qxd4 e5
15. Qd2 Rad8 16. Nd5 Nxd5 17. Qxd5 Rd7 18. Ba3 Qd8 19. e4 Bh6 20. Rc2 Be6 21.
Qd3 f5 22. Rd1 Bf8 23. Bc1 Qf6 24. exf5 gxf5 25. Bd5 Rf7 26. Qf3 Qg6 27. Bxe6
Rxe6 28. Re2 h5 29. Kh1 e4 30. Qf4 Be7 31. h4 Qg4 32. Qxg4+ hxg4 33. Rd5 Re5
34. Bf4 Rxd5 35. cxd5 Bf6 36. Rc2 Rd7 37. Rc8+ Kg7 38. Kg2 Be5 39. Be3 Kg6 40.
Kf1 Rh7 41. Rg8+ Kf6 42. Rc8 Kg6 43. a4 Rf7 44. Kg2 Kh5 45. Rg8 f4 46. Rg5+ Kh6
47. gxf4 Bxf4 48. Rxg4 Bxe3 49. fxe3 Rf5 50. Rxe4 Rxd5 51. Rd4 1-0

[Event "3.Nord-West-Cup"]
[Site "?"]
[Date "2001.02.02"]
[Round "3"]
[White "Gutman, Lev"]
[Black "Jugelt, Tobias"]
[Result "0-1"]
[WhiteElo "2547"]
[BlackElo "2386"]
[PlyCount "83"]

1. Nf3 d5 2. g3 Nf6 3. Bg2 c6 4. O-O Bf5 5. d3 e6 6. Qe1 h6 7. Nfd2 Bb4 8. e4
Bh7 9. a3 Ba5 10. b4 Bc7 11. Nb3 O-O 12. Bd2 Nbd7 13. Nc3 Rc8 14. Na4 Bb8 15.
Qe2 b6 16. c4 Ne5 17. f4 Nxd3 18. cxd5 c5 19. bxc5 bxc5 20. Qxd3 c4 21. Qd4
cxb3 22. Bb4 Re8 23. d6 Qd7 24. Bc5 Qb5 25. Qb4 a6 26. Bd4 Rc4 27. Qxb5 axb5
28. Bxf6 gxf6 29. Nb2 Rc2 30. Nd3 Bxd6 31. Rfd1 Rec8 32. Rab1 R8c3 33. Ne1 Bxa3
34. Kf1 Bc5 35. Nd3 Be3 36. Bf3 Rxh2 37. g4 Kg7 38. f5 h5 39. Be2 hxg4 40. Bxg4
Rcc2 41. Bf3 exf5 42. e5 0-1

[Event "3.Nord-West-Cup"]
[Site "?"]
[Date "2001.02.02"]
[Round "3"]
[White "Pikula, Dejan"]
[Black "Hermann, Manfred"]
[Result "1-0"]
[WhiteElo "2507"]
[BlackElo "2351"]
[PlyCount "81"]

1. e4 e5 2. Bc4 Nf6 3. d3 Nc6 4. Nf3 d5 5. exd5 Nxd5 6. O-O Be7 7. Re1 Nb6 8.
Bb3 Bg4 9. Nbd2 O-O 10. h3 Bh5 11. Nf1 a5 12. a3 Bxf3 13. gxf3 Bg5 14. f4 Bxf4
15. Bxf4 exf4 16. c3 a4 17. Bc2 Ra5 18. d4 Qh4 19. Qf3 Rb5 20. Rab1 Ne7 21. Re2
Ng6 22. Nd2 Qh6 23. Bxg6 Qxg6+ 24. Kh2 Nc4 25. Ne4 Qf5 26. Rg1 h6 27. Nc5 Rxb2
28. Rxb2 Nxb2 29. Qxb7 Qc2 30. Nd7 Qxc3 31. Nxf8 Kxf8 32. Rb1 Nd3 33. Qc8+ Ke7
34. Rb7 Kf6 35. Qxc7 Qxc7 36. Rxc7 Nxf2 37. Kg2 Ne4 38. Ra7 Nd2 39. Rxa4 Kf5
40. d5 g5 41. d6 1-0

[Event "3.Nord-West-Cup"]
[Site "?"]
[Date "2001.02.02"]
[Round "3"]
[White "Nikolic, Stanimir"]
[Black "Lanka, Zigurds"]
[Result "0-1"]
[WhiteElo "2348"]
[BlackElo "2504"]
[PlyCount "54"]

1. d4 Nf6 2. c4 g6 3. Nc3 Bg7 4. Bg5 c5 5. d5 h6 6. Bd2 d6 7. Qc1 e6 8. dxe6
Bxe6 9. e4 Nc6 10. f3 Nd4 11. Bd3 Nd7 12. f4 Qh4+ 13. g3 Qe7 14. Nce2 Rc8 15.
Kf2 f5 16. Nxd4 cxd4 17. exf5 Nc5 18. Qc2 Nxd3+ 19. Qxd3 Bxf5 20. Qb3 O-O 21.
Nf3 Qf7 22. Rac1 Be6 23. Qa3 Bxc4 24. b3 Bd5 25. Qxd6 Rcd8 26. Qc5 g5 27. Rhe1
Qh5 0-1

[Event "3.Nord-West-Cup"]
[Site "?"]
[Date "2001.02.02"]
[Round "3"]
[White "Mainka, Romuald"]
[Black "Hedke, Fred"]
[Result "0-1"]
[WhiteElo "2482"]
[BlackElo "2347"]
[PlyCount "113"]

1. e4 e5 2. Nf3 Nc6 3. Bc4 Be7 4. d3 Nf6 5. O-O d6 6. c3 O-O 7. Re1 b6 8. Nbd2
Na5 9. Bb5 c6 10. Ba4 Qc7 11. Bc2 Re8 12. Nf1 h6 13. Ng3 Bf8 14. h3 c5 15. Nh2
Nc6 16. Qf3 Qd8 17. Nf5 Be6 18. Ng4 Nxg4 19. hxg4 a6 20. g3 f6 21. Kg2 Ra7 22.
Rh1 Rd7 23. Bb3 Rf7 24. Be3 Qd7 25. Rh2 Bxb3 26. axb3 Qe6 27. c4 a5 28. Bd2 Rb8
29. Qd1 Rfb7 30. Bc3 Nd4 31. Ne3 Nc6 32. Rh5 Ra7 33. Nd5 Ne7 34. f4 Nxd5 35.
cxd5 Qe8 36. Rh2 Qg6 37. Qf3 Rba8 38. Rah1 a4 39. bxa4 Rxa4 40. Rh5 b5 41. g5
b4 42. Bd2 Ra2 43. Bc1 exf4 44. gxf4 fxg5 45. fxg5 Be7 46. Kh3 Rf8 47. Qg4 Ra1
48. gxh6 Qxg4+ 49. Kxg4 gxh6 50. Rxh6 Raa8 51. Bg5 Bxg5 52. Kxg5 Kf7 53. Rf6+
Kg8 54. Rg6+ Kf7 55. Rh7+ Ke8 56. Re6+ Kd8 57. Rxd6+ 0-1

[Event "3.Nord-West-Cup"]
[Site "?"]
[Date "2001.02.02"]
[Round "3"]
[White "Asendorf, Joachim"]
[Black "Jobava, Baadur"]
[Result "0-1"]
[WhiteElo "2268"]
[BlackElo "2480"]
[PlyCount "128"]

1. c4 Nf6 2. Nc3 e6 3. e4 d5 4. e5 d4 5. exf6 dxc3 6. bxc3 gxf6 7. d4 b6 8. Nf3
Bb7 9. Bd3 Nd7 10. Qc2 Bd6 11. Be4 c6 12. a4 Qc7 13. a5 O-O-O 14. axb6 axb6 15.
O-O f5 16. Bd3 c5 17. Ra7 Qb8 18. Qa2 cxd4 19. cxd4 Rdg8 20. Kh1 Rxg2 21. d5
Rhg8 22. Be3 Nc5 23. Be2 Bxh2 24. Bxc5 Bg1 25. Bd6 Qxd6 26. Ra8+ Bxa8 27. Qxa8+
Kc7 28. Qa7+ Kd8 29. Qa8+ Ke7 30. Qa7+ Kf6 31. Qa1+ e5 32. Rxg1 Rxg1+ 33. Nxg1
Qf8 34. Nh3 Qh6 35. Qc3 f4 36. Bf1 Kf5 37. Qc2+ Kf6 38. Qb2 Rg6 39. Qxb6+ Kg7
40. Qb2 Qh5 41. Kh2 Kh6 42. Qe2 Qf5 43. Bg2 Rb6 44. Qe4 Qh5 45. Bf3 f5 46. Qe2
Qe8 47. Nxf4 e4 48. Qe3 Qb8 49. Bd1 Rb1 50. Qh3+ Kg7 51. Qg3+ Kf7 52. Bh5+ Kf6
53. Qh4+ Ke5 54. Ne6 Qg8 55. Qf4+ Kf6 56. Qh6+ Ke7 57. Ng7 Qb8+ 58. Kg2 Qe5 59.
Qg5+ Kd6 60. Nxf5+ Kc5 61. Be2 Rb2 62. Qe3+ Kb4 63. Ng3 Rb3 64. Qd2+ 64... Ka3
{Rest unleserlich ,0-1 im 82.Zug} 0-1

[Event "3.Nord-West-Cup"]
[Site "?"]
[Date "2001.02.02"]
[Round "3"]
[White "Meijers, Viesturs"]
[Black "Leiber, Bernhard"]
[Result "1-0"]
[WhiteElo "2478"]
[BlackElo "2222"]
[PlyCount "51"]

1. e4 Nc6 2. d4 d5 3. exd5 Qxd5 4. Nf3 Bg4 5. Be2 e6 6. O-O Nf6 7. Bf4 Qd7 8.
c3 Bd6 9. Bg5 h6 10. Bxf6 gxf6 11. Nbd2 O-O-O 12. Qa4 Rhg8 13. Kh1 Rg6 14. Bb5
Rdg8 15. Nh4 Rg5 16. Bxc6 Qxc6 17. Qxc6 bxc6 18. f3 Bf5 19. Nxf5 Rxf5 20. Ne4
Rh5 21. f4 Rf5 22. Rf3 Rg6 23. b4 Rh5 24. h3 f5 25. Nf2 Kd7 26. g3 1-0

[Event "3.Nord-West-Cup"]
[Site "?"]
[Date "2001.02.02"]
[Round "3"]
[White "Schmidt, Harald"]
[Black "Enders, Peter"]
[Result "0-1"]
[WhiteElo "2227"]
[BlackElo "2475"]
[PlyCount "98"]

1. Nf3 Nf6 2. c4 g6 3. g3 Bg7 4. Bg2 O-O 5. O-O Nc6 6. d4 d6 7. d5 Na5 8. Nfd2
c5 9. Nc3 h5 10. e4 h4 11. Re1 hxg3 12. hxg3 Bd7 13. Qe2 e5 14. Nf1 a6 15. Bg5
Qc7 16. Nd2 Nh7 17. Be3 f5 18. f4 Rae8 19. Rac1 b6 20. Bf3 Qd8 21. Kg2 exf4 22.
gxf4 g5 23. Bh5 gxf4 24. Bxf4 fxe4 25. Bg3 Re7 26. Rh1 Bf5 27. Rcf1 Bxc3 28.
bxc3 e3 29. Nf3 Rg7 30. Qxe3 Nxc4 31. Qe2 b5 32. Nh4 Re7 33. Nxf5 Rxe2+ 34.
Bxe2 Rxf5 35. Bxc4 Rxf1 36. Bxf1 Qg5 37. Rg1 Qxd5+ 38. Kf2 Ng5 39. Bg2 Qd2+ 40.
Kf1 Kf7 41. Be1 Qxa2 42. Rh1 Qc4+ 43. Kf2 a5 44. Rf1 a4 45. Bd2 Kg6 46. Rg1
Qh4+ 47. Ke2 a3 48. Kd1 Qg4+ 49. Kc2 Nf3 0-1

[Event "3.Nord-West-Cup"]
[Site "?"]
[Date "2001.02.02"]
[Round "3"]
[White "Gaprindashvili, Valerian"]
[Black "Margraf, Daniel"]
[Result "1-0"]
[WhiteElo "2459"]
[BlackElo "2011"]
[PlyCount "97"]

1. d4 Nf6 2. c4 g6 3. g3 Bg7 4. Bg2 O-O 5. Nf3 d6 6. O-O Nbd7 7. Nc3 e5 8. e4
Re8 9. h3 a5 10. Be3 exd4 11. Nxd4 Nc5 12. Qc2 Bd7 13. Nde2 Bc6 14. f3 Nfd7 15.
Rad1 b6 16. Bf2 a4 17. Nd5 Nf6 18. Rfe1 Bb7 19. b4 axb3 20. axb3 c6 21. Ndc3
Qc7 22. b4 Ne6 23. f4 Red8 24. Rd2 d5 25. e5 Ne4 26. Nxe4 dxe4 27. Rxd8+ Rxd8
28. Qxe4 Bf8 29. b5 Rc8 30. Ra1 Nc5 31. Bxc5 Bxc5+ 32. Kh2 Qb8 33. Nc3 Rc7 34.
bxc6 Bxc6 35. Nd5 Bxd5 36. cxd5 Ra7 37. Rc1 Ra3 38. d6 Qa7 39. Qd5 Qd7 40. Rf1
Ra4 41. Rd1 Ra3 42. Qc6 Ra7 43. Qxd7 Rxd7 44. Ra1 Rd8 45. Ra7 f6 46. Bd5+ Kh8
47. Rc7 Ba3 48. Rc6 b5 49. e6 1-0

[Event "3.Nord-West-Cup"]
[Site "?"]
[Date "2001.02.02"]
[Round "3"]
[White "Meins, Gerlef"]
[Black "Fischbach, Harald"]
[Result "1/2-1/2"]
[WhiteElo "2426"]
[BlackElo "2220"]
[PlyCount "94"]

1. d4 Nf6 2. c4 g6 3. Nc3 Bg7 4. e4 d6 5. Be2 O-O 6. Bg5 Na6 7. f4 c6 8. Nf3
Nc7 9. Qd2 d5 10. Bxf6 Bxf6 11. cxd5 cxd5 12. e5 Bg7 13. h4 Bg4 14. Ng5 Qd7 15.
h5 f6 16. Bxg4 Qxg4 17. Nf3 Qg3+ 18. Kf1 fxe5 19. Ne2 Qg4 20. Rh4 Qe6 21. fxe5
gxh5 22. Rxh5 Qg6 23. Rh3 Ne6 24. Rg3 Qf5 25. Kg1 Rac8 26. Nc3 Qf4 27. Qf2 Rcd8
28. Rf1 Kh8 29. Ne2 Qe4 30. Rh3 Qg6 31. Qh4 Rf7 32. Rc1 Rdf8 33. Qh5 Qe4 34.
Kh1 h6 35. Nc3 Qe3 36. Re1 Qf2 37. Qh4 Qxh4 38. Rxh4 Rd8 39. Rc1 Rc8 40. Rd1
Rd8 41. Kh2 Kh7 42. Kg3 Kg6 43. Rg4+ Kh7 44. Rh1 Rf5 45. Nh4 Rf7 46. Nf3 Rf5
47. Nh4 Rf7 1/2-1/2

[Event "3.Nord-West-Cup"]
[Site "?"]
[Date "2001.02.02"]
[Round "3"]
[White "Schuette, Marc"]
[Black "Hoffmann, Alexander"]
[Result "0-1"]
[WhiteElo "2209"]
[BlackElo "2421"]
[PlyCount "50"]

1. e4 c5 2. Nf3 e6 3. c3 Nf6 4. e5 Nd5 5. c4 Ne7 6. d4 cxd4 7. Qxd4 Nbc6 8. Qe4
Ng6 9. Bd3 Ngxe5 10. O-O Nxf3+ 11. Qxf3 Be7 12. Nc3 O-O 13. Qh3 f5 14. b3 b6
15. Bb2 Bb7 16. Rad1 Bf6 17. Bb1 a6 18. Ba3 Rf7 19. Bd6 Ne5 20. Qg3 Nf3+ 21.
gxf3 Bxc3 22. Rd3 Rf6 23. Rxc3 Rg6 24. Rd1 Bc6 25. Bd3 Bxf3 0-1

[Event "3.Nord-West-Cup"]
[Site "?"]
[Date "2001.02.02"]
[Round "3"]
[White "Tschetschelnizki, Boris"]
[Black "Tseitlin, Mikhail S"]
[Result "1/2-1/2"]
[WhiteElo "2254"]
[BlackElo "2431"]
[PlyCount "99"]

1. d4 d6 2. Nf3 Bg4 3. g3 Bxf3 4. exf3 d5 5. Bg2 e6 6. O-O Nf6 7. Bg5 Be7 8. c3
Nbd7 9. Nd2 O-O 10. Re1 c5 11. dxc5 Nxc5 12. Nb3 Rc8 13. Nxc5 Bxc5 14. Qe2 h6
15. Be3 Qb6 16. Bxc5 Rxc5 17. Rad1 Rfc8 18. f4 Rc4 19. h4 Ne4 20. Kf1 Qc6 21.
Bh3 Nf6 22. Kg1 b5 23. a3 a5 24. Qf3 b4 25. cxb4 axb4 26. Bf1 Rc2 27. axb4 Rxb2
28. b5 Qb6 29. Bd3 Ne4 30. Bxe4 dxe4 31. Rxe4 Qxb5 32. Ree1 Qa5 33. Rf1 Rcc2
34. Qd3 Qc5 35. Qf3 Rb8 36. Rd3 Qc6 37. Qxc6 Rxc6 38. Rd2 h5 39. Rfd1 Kh7 40.
Kg2 Kg6 41. Re1 Rc5 42. Rde2 Rbb5 43. Re3 Kf5 44. Kf3 g6 45. R1e2 Rb6 46. Re5+
Rxe5 47. Rxe5+ Kf6 48. Re3 Rb5 49. Ra3 Kf5 50. Kg2 1/2-1/2

[Event "3.Nord-West-Cup"]
[Site "?"]
[Date "2001.02.02"]
[Round "3"]
[White "Vasiljevic, Dragan"]
[Black "Krause, Thomas"]
[Result "1-0"]
[WhiteElo "2339"]
[BlackElo "2184"]
[PlyCount "83"]

1. d4 d5 2. Bg5 c6 3. Nc3 Qa5 4. a3 Nf6 5. Bxf6 exf6 6. e3 Bd6 7. Bd3 Be6 8.
Qf3 Nd7 9. Nge2 O-O 10. O-O Rfe8 11. h4 Qd8 12. g3 g6 13. Nf4 f5 14. Nce2 Nf6
15. Rfd1 Ne4 16. c4 dxc4 17. Nxe6 fxe6 18. Bxe4 fxe4 19. Qxe4 Qf6 20. Rac1 Rf8
21. Rf1 e5 22. d5 b5 23. dxc6 a6 24. Nc3 Rac8 25. Rcd1 Kh8 26. a4 Bb8 27. axb5
axb5 28. Nxb5 Qxc6 29. Qxc6 Rxc6 30. Nc3 Rb6 31. Rd2 Rf7 32. Rc1 Rfb7 33. Rcc2
Rb3 34. Ne4 Rd3 35. Rxc4 Rxd2 36. Nxd2 Rxb2 37. Ne4 Kg7 38. g4 h6 39. Kg2 Kf7
40. Rc6 Rb4 41. Kf3 Kg7 42. h5 1-0

[Event "3.Nord-West-Cup"]
[Site "?"]
[Date "2001.02.02"]
[Round "3"]
[White "Da Costa, Martin"]
[Black "Wippermann, Till"]
[Result "0-1"]
[WhiteElo "1994"]
[BlackElo "2306"]
[PlyCount "90"]

1. Nf3 c5 2. g3 g6 3. Bg2 Bg7 4. O-O Nc6 5. e4 d6 6. d3 Rb8 7. a4 Nf6 8. c3 O-O
9. h3 a6 10. Be3 b5 11. axb5 axb5 12. Qd2 Na5 13. Qc2 Bb7 14. Nbd2 Qc7 15. Ra2
Nd7 16. Nb3 Nc6 17. d4 cxd4 18. Nfxd4 Nxd4 19. Nxd4 b4 20. cxb4 Qxc2 21. Nxc2
Rfc8 22. Rc1 Ne5 23. Ne1 Nc4 24. Ba7 Ra8 25. Nd3 Ne5 26. Rxc8+ Bxc8 27. Nxe5
Bxe5 28. Ra5 Be6 29. f4 Bxb2 30. Be3 Rb8 31. Bd2 Bd4+ 32. Kf1 Rc8 33. g4 Rc2
34. Ke1 Rb2 35. Ra3 Bc4 36. Ra1 Kg7 37. Rc1 Bb5 38. h4 f6 39. g5 Rb3 40. Bf1
Bxf1 41. Kxf1 Be3 42. gxf6+ Kxf6 43. Ke2 Bxd2 44. Kxd2 Rxb4 45. Re1 Rb2+ 0-1

[Event "3.Nord-West-Cup"]
[Site "?"]
[Date "2001.02.02"]
[Round "3"]
[White "Schmitz-Jordan, Juergen"]
[Black "Issel, Oliver"]
[Result "1/2-1/2"]
[WhiteElo "2001"]
[BlackElo "2236"]
[PlyCount "57"]

1. d4 Nf6 2. Nf3 e6 3. g3 b6 4. Bg2 Bb7 5. O-O Be7 6. c4 O-O 7. Nc3 Ne4 8. Qc2
Nxc3 9. Qxc3 d6 10. Rd1 Nd7 11. Be3 Nf6 12. b4 Qc8 13. a4 a5 14. b5 Be4 15. Nd2
Bxg2 16. Kxg2 Qb7+ 17. f3 Rad8 18. Bg1 Rfe8 19. e4 Nd7 20. Nb3 Bf6 21. Qe3 e5
22. dxe5 Bxe5 23. Ra2 Re7 24. Qd3 Rde8 25. Bd4 f6 26. Bf2 Nc5 27. Bxc5 dxc5 28.
Qd5+ Qxd5 29. Rxd5 1/2-1/2

[Event "3.Nord-West-Cup"]
[Site "?"]
[Date "2001.02.02"]
[Round "3"]
[White "Schneider, Ilja"]
[Black "Wittje, Berthold"]
[Result "1-0"]
[WhiteElo "2132"]
[BlackElo "2216"]
[PlyCount "121"]

1. e4 Nf6 2. Nc3 e5 3. Bc4 Nxe4 4. Qh5 Nd6 5. Bb3 Be7 6. Nf3 Nc6 7. Nxe5 O-O 8.
O-O g6 9. Nxg6 hxg6 10. Qxg6+ Kh8 11. Qh6+ Kg8 12. Qg6+ Kh8 13. Qh5+ Kg8 14.
Qg4+ Kh7 15. d4 Rh8 16. Re1 f5 17. Qh3+ Kg7 18. Qg3+ Kh7 19. Nd5 Bh4 20. Qf4
Kg7 21. Re3 b6 22. Rh3 Ba6 23. g3 Be7 24. Rxh8 Qxh8 25. Nxe7 Qh5 26. Qg5+ Qxg5
27. Bxg5 Nxd4 28. Be3 Ne6 29. Rd1 Re8 30. Nd5 Nf7 31. Nc3 d6 32. Bxe6 Rxe6 33.
Nd5 Be2 34. Re1 Bf3 35. Bd4+ Ne5 36. Nxc7 Re7 37. Nb5 Kg6 38. Nxd6 Nc6 39. Rxe7
Nxe7 40. Kf1 Nc6 41. Bc3 Bd1 42. Ke1 Bxc2 43. Kd2 Bb1 44. a3 Kg5 45. Ke3 Kg4
46. b4 a6 47. h4 Bc2 48. Nc4 b5 49. Ne5+ Nxe5 50. Bxe5 Bb3 51. Bf4 Bf7 52. Kd4
Be8 53. Kc5 Kf3 54. Kb6 Kxf2 55. Kxa6 Kf3 56. h5 Bxh5 57. Kxb5 Ke4 58. Kc5 Kd3
59. b5 Kc3 60. b6 Bf3 61. Kd6 1-0

[Event "3.Nord-West-Cup"]
[Site "?"]
[Date "2001.02.02"]
[Round "3"]
[White "Wolter, Kai"]
[Black "Walter, Stefan"]
[Result "1-0"]
[WhiteElo "2286"]
[BlackElo "1758"]
[PlyCount "33"]

1. e4 e5 2. Nf3 Nc6 3. Bc4 Nf6 4. d3 Be7 5. O-O d6 6. c3 O-O 7. Bb3 Be6 8. Nbd2
Qd7 9. Re1 Kh8 10. d4 exd4 11. cxd4 d5 12. e5 Ng8 13. h3 Nb4 14. Nf1 f6 15. a3
Na6 16. Qe2 Bf7 17. e6 1-0

[Event "3.Nord-West-Cup"]
[Site "?"]
[Date "2001.02.02"]
[Round "3"]
[White "Zschischang, Gunnar"]
[Black "Polenz, Fredrik"]
[Result "1/2-1/2"]
[WhiteElo "2237"]
[BlackElo "1946"]
[PlyCount "81"]

1. Nc3 b6 2. d4 Bb7 3. e4 e6 4. f3 d5 5. exd5 exd5 6. Bf4 Bd6 7. Bxd6 Qxd6 8.
Qd2 Ne7 9. O-O-O O-O 10. g4 c5 11. Nge2 Nbc6 12. h4 Rad8 13. h5 h6 14. f4 Nxd4
15. Nxd4 cxd4 16. Nb5 Qe6 17. Nxd4 Qxg4 18. Bh3 Qxh5 19. Bf5 Qxf5 20. Nxf5 Nxf5
21. Qd3 Bc8 22. Rdg1 g6 23. Qh3 Rfe8 24. Re1 Be6 25. Re5 h5 26. Qa3 a5 27. Qb3
Rd6 28. Kb1 Rc8 29. Qd3 d4 30. Rhe1 Ng7 31. Rxe6 Nxe6 32. f5 gxf5 33. Qxf5 Rc5
34. Qf6 Rg5 35. Qe7 Rdd5 36. a3 b5 37. Rf1 Rdf5 38. Re1 Re5 39. Rf1 Ref5 40.
Re1 Re5 41. Rf1 1/2-1/2

[Event "3.Nord-West-Cup"]
[Site "?"]
[Date "2001.02.02"]
[Round "3"]
[White "Martschausky, Thomas"]
[Black "Kyeck, Christopher"]
[Result "1-0"]
[WhiteElo "2220"]
[BlackElo "1911"]
[PlyCount "39"]

1. e4 e6 2. b3 d5 3. Bb2 dxe4 4. Nc3 Nf6 5. Qe2 Bb4 6. O-O-O Bxc3 7. dxc3 Qe7
8. g4 h6 9. Bg2 Bd7 10. h4 Bc6 11. c4 e5 12. g5 Nfd7 13. Nh3 Na6 14. Bxe4 Bxe4
15. Qxe4 O-O-O 16. f4 Rde8 17. fxe5 Nxe5 18. Rhe1 f6 19. Nf4 Qf7 20. Qf5+ 1-0

[Event "3.Nord-West-Cup"]
[Site "?"]
[Date "2001.02.02"]
[Round "3"]
[White "Heinemann, Ernst"]
[Black "Pericic, Boris"]
[Result "1-0"]
[WhiteElo "2198"]
[BlackElo "1866"]
[PlyCount "59"]

1. e4 c5 2. Nf3 Nc6 3. c3 Qa5 4. Be2 d6 5. O-O Nf6 6. d3 e6 7. h3 Be7 8. Be3 c4
9. Nbd2 cxd3 10. Bxd3 Qc7 11. Nd4 O-O 12. Rc1 a6 13. f4 e5 14. Nxc6 Qxc6 15. c4
b6 16. f5 Bb7 17. Qf3 Qa4 18. a3 Rfc8 19. g4 Bf8 20. g5 Nd7 21. g6 Nc5 22.
gxf7+ Kxf7 23. Bc2 Qe8 24. b4 Nd7 25. Bb3 Kf6 26. Kh2 Nc5 27. bxc5 dxc5 28. Qg4
Qd7 29. Nf3 h6 30. Bg5+ 1-0

[Event "3.Nord-West-Cup"]
[Site "?"]
[Date "2001.02.02"]
[Round "3"]
[White "Holle, Elmar"]
[Black "Kiese, Matthias"]
[Result "0-1"]
[WhiteElo "1888"]
[BlackElo "2199"]
[PlyCount "48"]

1. e4 c5 2. Nc3 d6 3. g3 Nc6 4. Bg2 g6 5. f4 Bg7 6. Nf3 e6 7. O-O Nge7 8. d3
O-O 9. Be3 Nd4 10. Rb1 Rb8 11. Qd2 b5 12. h3 b4 13. Ne2 Nec6 14. g4 f5 15. Ng3
Nxf3+ 16. Bxf3 Nd4 17. Bg2 fxg4 18. c3 gxh3 19. Bxh3 bxc3 20. Qg2 Rxb2 21. Rxb2
cxb2 22. f5 Qh4 23. Nh1 exf5 24. exf5 Bxf5 0-1

[Event "3.Nord-West-Cup"]
[Site "?"]
[Date "2001.02.02"]
[Round "3"]
[White "Kerski, Bjoern-Ole"]
[Black "Kolthoff, Siegmund"]
[Result "0-1"]
[WhiteElo "1827"]
[BlackElo "2195"]
[PlyCount "56"]

1. d4 d5 2. c4 c6 3. cxd5 cxd5 4. Nc3 Nc6 5. Bf4 Nf6 6. e3 a6 7. Nf3 Bg4 8. Be2
e6 9. h3 Bxf3 10. Bxf3 Bd6 11. Bxd6 Qxd6 12. O-O O-O 13. Qd2 b5 14. a3 Rac8 15.
Rfd1 Na5 16. Qc2 Nc4 17. Be2 Rc6 18. Bxc4 bxc4 19. Rab1 h6 20. b4 cxb3 21. Qxb3
Rfc8 22. Rdc1 Ne4 23. Ne2 Nd2 24. Qb4 Qxb4 25. Rxb4 Rxc1+ 26. Nxc1 Rxc1+ 27.
Kh2 a5 28. Rb8+ Kh7 0-1

[Event "3.Nord-West-Cup"]
[Site "?"]
[Date "2001.02.02"]
[Round "3"]
[White "Meyer, Malte"]
[Black "Bauland, Thomas"]
[Result "1-0"]
[WhiteElo "2194"]
[BlackElo "1830"]
[PlyCount "37"]

1. d4 d5 2. c4 e6 3. Nc3 Nf6 4. Bg5 Nbd7 5. e3 c6 6. Nf3 Qa5 7. Nd2 Be7 8. Be2
O-O 9. O-O Re8 10. a3 e5 11. Bxf6 Bxf6 12. cxd5 exd4 13. exd4 cxd5 14. Nb3 Qb6
15. Nxd5 Qe6 16. Bf3 Bd8 17. Qd2 Nf6 18. Rae1 Qd7 19. Nc5 1-0

[Event "3.Nord-West-Cup"]
[Site "?"]
[Date "2001.02.02"]
[Round "3"]
[White "Spittel, Olaf"]
[Black "Welz, Peter"]
[Result "0-1"]
[WhiteElo "1815"]
[BlackElo "2192"]
[PlyCount "84"]

1. Nf3 f5 2. c4 Nf6 3. g3 g6 4. Bg2 Bg7 5. d4 O-O 6. O-O d6 7. Nc3 Nc6 8. Bg5
h6 9. Bd2 e5 10. d5 Ne7 11. Qc2 g5 12. b4 a6 13. Rad1 Qe8 14. c5 Qh5 15. Qb3
Kh8 16. Bc1 f4 17. Na4 Bh3 18. Bb2 Nf5 19. cxd6 cxd6 20. Nb6 Rad8 21. Rc1 e4
22. Bxf6 Bxf6 23. Nd2 Nd4 24. Qd1 Nxe2+ 25. Kh1 f3 26. Bxh3 Qxh3 27. Rg1 Nxc1
28. Qxc1 Bd4 29. Nxe4 Qf5 30. Re1 Bxb6 31. Qc3+ Qe5 32. Qxe5+ dxe5 33. d6 Rc8
34. Kg1 Rc2 35. Rd1 Re2 36. Nc5 e4 37. h4 g4 38. d7 e3 39. fxe3 f2+ 40. Kf1
Re1+ 41. Rxe1 fxe1=Q+ 42. Kxe1 Bxc5 0-1

[Event "3.Nord-West-Cup"]
[Site "?"]
[Date "2001.02.02"]
[Round "3"]
[White "Wiertzema, Michael"]
[Black "Leppert, Hans-Juergen"]
[Result "1-0"]
[WhiteElo "2187"]
[BlackElo "1804"]
[PlyCount "123"]

1. Nf3 Nf6 2. g3 g6 3. Bg2 Bg7 4. c4 c5 5. Nc3 Nc6 6. d3 a6 7. Bg5 h6 8. Be3 d6
9. h3 Rb8 10. O-O O-O 11. Qd2 Kh7 12. d4 Na5 13. b3 b6 14. Rad1 Qc7 15. Kh2 Bb7
16. dxc5 bxc5 17. Nd5 Nxd5 18. cxd5 Bc8 19. Rc1 Rb5 20. b4 Nb7 21. a4 Rb6 22.
Rc4 Qd7 23. Bxh6 Rxb4 24. Bxg7 Kxg7 25. Rxb4 cxb4 26. Qxb4 Nc5 27. a5 Rh8 28.
Nd2 Qf5 29. Qd4+ f6 30. Kg1 Nd7 31. Qe4 Qe5 32. f4 Qxe4 33. Nxe4 Bb7 34. Nf2
Nc5 35. Rb1 Bc8 36. h4 Nb7 37. Ra1 Bd7 38. Nd3 Bb5 39. Nb4 Rc8 40. Nc6 Rc7 41.
Kf2 Nc5 42. Nd4 Bd7 43. Ra3 Rb7 44. Bf3 Rb4 45. Nc6 Rb3 46. Ra1 Kf7 47. h5 gxh5
48. Bxh5+ Kf8 49. Bf3 Be8 50. Rh1 Bf7 51. g4 Bg6 52. f5 Bf7 53. Rh8+ Kg7 54.
Ra8 Rb5 55. Nxe7 Rxa5 56. Rd8 Nb7 57. Rd7 Rb5 58. Nc8 a5 59. g5 Kf8 60. g6 Bg8
61. Re7 a4 62. g7# 1-0

[Event "3.Nord-West-Cup"]
[Site "?"]
[Date "2001.02.02"]
[Round "3"]
[White "Schenk, Uwe"]
[Black "Schneider, Florian"]
[Result "1-0"]
[WhiteElo "2148"]
[BlackElo "1768"]
[PlyCount "51"]

1. d4 d5 2. Nf3 Nf6 3. c4 e6 4. g3 c5 5. cxd5 exd5 6. Bg2 Nc6 7. O-O Be7 8. Nc3
O-O 9. Bg5 c4 10. Ne5 Qa5 11. e3 Rd8 12. f4 h6 13. Bxf6 Bxf6 14. Qh5 Bxe5 15.
dxe5 Qc5 16. Rae1 Nb4 17. Re2 a6 18. f5 Nd3 19. f6 Be6 20. fxg7 Kxg7 21. Rf6
Rh8 22. Bh3 Rh7 23. Bxe6 fxe6 24. Qg4+ Kh8 25. Qxe6 Rd8 26. Rxh6 1-0

[Event "3.Nord-West-Cup"]
[Site "?"]
[Date "2001.02.02"]
[Round "3"]
[White "Haase, Sven"]
[Black "Fuhrmann, Dirk"]
[Result "0-1"]
[WhiteElo "1760"]
[BlackElo "2144"]
[PlyCount "58"]

1. e4 d6 2. d4 Nf6 3. Bd3 c6 4. h3 e5 5. c3 Be7 6. f4 Nbd7 7. Nf3 Qc7 8. O-O
O-O 9. f5 Re8 10. g4 d5 11. dxe5 Nxe4 12. Bf4 Qb6+ 13. Kg2 Qxb2+ 14. Nbd2 Nxc3
15. Qe1 Nc5 16. Qe3 Nxd3 17. Qxd3 Ne4 18. Rae1 Qa3 19. Qc2 Qc5 20. Qb1 Nxd2 21.
Bxd2 Bf8 22. g5 g6 23. Nh4 Qb5 24. Qd1 d4 25. fxg6 Qd5+ 26. Kh2 hxg6 27. Rf6
Bg7 28. Rd6 Bxe5+ 29. Kg1 Qxd6 0-1

[Event "3.Nord-West-Cup"]
[Site "?"]
[Date "2001.02.02"]
[Round "3"]
[White "Wetjen, Siegfried"]
[Black "Paust, Wolf-Dieter"]
[Result "1-0"]
[WhiteElo "1757"]
[BlackElo "2124"]
[PlyCount "93"]

1. Nf3 Nf6 2. g3 d5 3. d3 Bf5 4. Nbd2 Nc6 5. Bg2 e5 6. Nh4 Be6 7. e4 Qd7 8. a3
O-O-O 9. O-O Bc5 10. b4 Bb6 11. Bb2 h5 12. exd5 Bxd5 13. Nc4 Bxg2 14. Nxb6+
axb6 15. Kxg2 g5 16. Nf3 h4 17. Nxg5 Rdg8 18. f4 hxg3 19. hxg3 Rxg5 20. fxg5
Qh3+ 21. Kf3 Ng4 22. Rh1 Nh2+ 23. Kf2 f5 24. Qg1 f4 25. gxf4 Qf3+ 26. Ke1 Qxf4
27. Kd1 Ne7 28. Qg2 Nf5 29. Bc1 Qh4 30. Bd2 Qd4 31. Rb1 Qh4 32. Kc1 Ng3 33.
Rxh2 Qxh2 34. Qxh2 Rxh2 35. c3 Nf1 36. Rb2 Rg2 37. Kd1 Ng3 38. c4 Kd7 39. Bc3
Rg1+ 40. Kc2 Ke6 41. Kb3 Rd1 42. Rd2 Rg1 43. Rf2 Nh5 44. Bd2 Rg4 45. Re2 Kf5
46. Bc3 Kf4 47. Re4+ 1-0

[Event "3.Nord-West-Cup"]
[Site "?"]
[Date "2001.02.02"]
[Round "3"]
[White "Schuenemann, Wilfried"]
[Black "Neurohr, Juergen"]
[Result "0-1"]
[WhiteElo "1729"]
[BlackElo "2085"]
[PlyCount "40"]

1. f4 Nf6 2. Nf3 g6 3. d4 Bg7 4. e3 c5 5. c3 d6 6. Bd3 O-O 7. O-O Nc6 8. Nbd2
cxd4 9. exd4 Nd5 10. Ne4 e5 11. fxe5 dxe5 12. c4 Ndb4 13. d5 Nxd3 14. Qxd3 f5
15. Qb3 Na5 16. Bg5 Nxb3 17. Bxd8 Nxa1 18. Ba5 fxe4 19. Nd2 Rxf1+ 20. Kxf1 e3
0-1